| 000 | 01145nam a2200313Ia 4500 | ||
|---|---|---|---|
| 005 | 20220317001515.0 | ||
| 008 | 161108s1992 a a g 000 0 s | ||
| 020 | _a9501108899 | ||
| 082 | 0 | 4 |
_aR 591.38 _bM83a |
| 100 | 1 | _aMuir Wood, Robert | |
| 245 | 1 | 0 |
_aAtlas de la prehistoria _cRobert Muir Wood ; traducción de Élida Marta Colella ; ilustraciones de Tim Hayward, Bernard Thornton Artists |
| 250 | _a1a. edición | ||
| 300 |
_a64 páginas _bilustraciones en color _c29 cm |
||
| 490 | _aAtlas del saber | ||
| 500 | _aIncluye glosario e índice | ||
| 650 | 1 | 4 |
_2LEMB _aDinosaurios _vEnseñanza elemental |
| 650 | 1 | 4 |
_2LEMB _aAnimales prehistóricos |
| 650 | 1 | 4 |
_2LEMB _aHombre prehistórico _vVida social y costumbre |
| 650 | 1 | 4 |
_2LEMB _aEvolución de la tierra |
| 650 | 1 | 4 |
_2LEMB _aEvolución _vAtlas |
| 700 | 1 |
_aHayward, Tim _eilustrador _974661 |
|
| 700 | 1 |
_aArtists, Bernard Thornton _eilustrador _974662 |
|
| 942 |
_2ddc _cBK |
||
| 264 |
_aBuenos Aires _bSigmar _c1992 |
||
| 336 |
_atexto _btxt _2rdacontent |
||
| 337 |
_asin mediación _bn _2rdamedia |
||
| 338 |
_avolumen _bnc _2rdacarrier |
||
| 040 |
_aCO-BoRNBP _bspa _erda _cCO-BoRNBP |
||
| 999 |
_c7193 _d7193 |
||